000 01756cam a2200289 a 4500
001 000009851
005 20200929161730.0
008 991005s2000 pr b s001 0dspa
020 _a1887627049
040 _aDO-SdBNP
_bspa
_cDLC
_dBNPHU
082 _a080
_bN234e
245 0 0 _aNarradoras ecuatorianas de hoy :
_buna antología crítica /
_cAdelaida López de Martínez, Gloria de Cunha Giabbai, compiladores.
260 _aSan Juan, Puerto Rico :
_bUniversidad de Puerto Rico,
_c2000.
300 _a505 p. ;
_c21 cm.
490 1 _aMujeres de palabra
_v3
504 _aIncluye referencias bibliográficas.
505 0 _aAlicia Yánez Cossío / Lady Rojas-Trempe -- Eugenia Viteri / Kenton Stone -- Carolina Andrade / Mirta Barrea-Marlys -- Aminta Buenaño / Anabella Acevedo-Leal -- Jennie Carrasco Molina / Vicki Román-Lagunas -- Gilda Holst / Corina Mathieu -- Luz Argentina Chiriboga / Henry J. Richards y Aída L. Heredia -- Sonia Manzano / Ana María Martinho -- María Eugenia Paz y Miño / Luz Marina Rivas -- Natasha Salguero / Jeanneth Vázquez -- Elsy Santillán Flor / Mariela Gutiérrez -- Marcela Vintimilla / Daniel Castillo Durante -- María del Carmen Garcés / Daniel Castillo Durante -- Liliana Miraglia / Daniel Castillo Durante.
650 4 _aNarradoras ecuatorianas contemporaneas
_ySIGLO XX
_vENTREVISTAS
_924774
650 4 _aFicción ecuatoriana
_xMujeres autoras
_xHistoria y crítica
_924775
650 4 _aFicción ecuatoriana
_ySIGLO XX
_xHistoria y crítica
_924776
650 4 _aMujeres y literatura
_zEcuador
_924777
700 1 _aLópez de Martínez, Adelaida.
_924778
700 1 _aCunha-Giabbai, Gloria da.
_924779
830 0 _aMujeres de palabra ;
_v3
_924780
910 _aCatalogación por copia / LC
049 _aBNGR
999 _c9610
_d9610